| 000 | 00559nam a22001697a 4500 | ||
|---|---|---|---|
| 005 | 20250917110618.0 | ||
| 008 | 111122t xxu||||| |||| 00| 0 eng d | ||
| 050 |
_a BL2017.9.N3 _bM35 1968 |
||
| 100 | _aMcLeod, W. H | ||
| 245 | _aGuru Nanak and the Sikh religion | ||
| 260 |
_a Delhi : _b Oxford University Press, _c1988, c1968. |
||
| 300 |
_a ix, 259 p. ; _c21 cm. |
||
| 500 | _a Includes bibliographical references & index. | ||
| 650 | _aNanak, Guru, 1469-1539 | ||
| 650 | _aSikhism | ||
| 942 |
_2lcc _cBK |
||
| 999 |
_c39812 _d39812 |
||